Statistics for U.S. States without a Washington County

Click here to take the quiz!

General Stats

  • This quiz has been taken 49 times
  • The average score is 14 of 19

Answer Stats

State % Correct
Arizona
92%
Alaska
87%
California
87%
Washington
84%
Delaware
82%
Hawaii
82%
New Mexico
82%
Wyoming
79%
Connecticut
76%
Montana
76%
North Dakota
74%
South Dakota
74%
New Jersey
68%
West Virginia
68%
Michigan
66%
New Hampshire
63%
Nevada
63%
South Carolina
61%
Massachusetts
55%

Score Distribution

Percentile by Number Answered

Percent of People with Each Score

Your Score History

You have not taken this quiz